Caribbean Island Countries on a Map Quiz Stats

Quiz Updated Sep 18, 2015

Challenge
Share
Tweet
Score 0/13 Timer 04:00
13 Plays Today
% Correct
Cuba
93.9%
Haiti
92.6%
Dominican Republic
91.6%
Jamaica
89.5%
Bahamas
87.1%
Trinidad and Tobago
80.2%
Barbados
76.6%
Saint Kitts and Nevis
74.7%
Saint Lucia
74.3%
Saint Vincent and The Grenadines
72.9%
Grenada
72.9%
Dominica
70.7%
Antigua and Barbuda
69.9%

You're not logged in!

Compare scores with friends on all Sporcle quizzes.
Sign Up with Email
OR
Log In

You Might Also Like...

Show Comments

Extras

Top Quizzes Today


Score Distribution

Your Account Isn't Verified!

In order to create a playlist on Sporcle, you need to verify the email address you used during registration. Go to your Sporcle Settings to finish the process.